00612nam a22001697a 450000500170000001000130001702000260003003500110005603700130006708200120008010000370009224500910012924600620022026000520028227000870033430000210042120190626151236.0 aUR-10250 c400.00a9789387539037 aU-8805 bDBAD/PUB a650.114 aصد يقی نثا ر ا حمد  aا نعکا س (ا د بی ا نٹر و يو ز ) cصد يقی نثا ر ا حمد  bInikas ( Adabi Interview) (Urdu)aby Nisar Ahmed Siddiqui a DelhibEducational Publishing Housec2017 ء  a3191،Vakil Street,Kucha Pandit,Lal Kuan,bDelhie110006k23216162l00911123211540 a320صc22 Cm(Hb)